zpět

Detail výsledku týmu

The PUB Praha 6 , Praha

Datum a čas kvízu

28 Celkem bodů Celkový počet nahraných bodů na tomto kvízu bez doplňovacích otázek.
8. Pořadí na kvízu Konečné umístění týmu na tomto kvízu.

Zaznamenané odpovědi

# Otázka Odpověď Body Výsledky
1. Velkým tématem vědy je samozře... Jihoafrická republika 1
2. Předmětem řady diskuzí je neje... křemík 1
3. Kromě Nobelovy ceny jsou každo... C 0
4. Skutečné Nobelovy ceny budou u... David Attenborough 1
5. Jak se jmenuje teleskop, který... James Webb Space Telescope / Teleskop Jamese Webba 0
6. Surströmming je jedno z nejsmr... zkvašené rybí maso 0
7. Ztráta čichu, též čichotupost,... C 1
8. Který minerální pramen se prod... Vincentka 1
9. Jak zní triviální název pro am... čpavek 1
10. Možná překvapivě velmi dobrý č... o motýly 0